| 000 | 00722nam a2200217Ia 4500 | ||
|---|---|---|---|
| 005 | 20241129110028.0 | ||
| 008 | 241129s9999||||xx |||||||||||||| ||und|| | ||
| 020 | _a978-0-06-291298-5 | ||
| 037 | _aTB | ||
| 040 |
_aARTS _beng _cARTS |
||
| 041 |
_aeng _2eng |
||
| 084 |
_aO11196(Y15)xN Q9 _qARTS |
||
| 100 |
_aBusby Margaret Ed. _9726951 |
||
| 245 | 0 |
_aNew daughters of Africa : international anthology of writing by women of african descent _cBusby Margaret Ed. |
|
| 260 |
_aUK _bAn Imprint of Harper Collins Publishers _c2016 |
||
| 300 | _axxxvii,1000p. | ||
| 365 |
_aUSD _b19.99 |
||
| 650 |
_aAfrican LiteratureSociologyWomen _9726952 |
||
| 942 |
_cTB _hO11196(Y15)xN Q9 |
||
| 999 |
_c1227053 _d1227053 |
||